| 000 | 00366nam a2200133Ia 4500 | ||
|---|---|---|---|
| 005 | 20260328101529.0 | ||
| 008 | 260328s9999||||xx |||||||||||||| ||und|| | ||
| 100 | _aArchitectural Digest | ||
| 245 | 0 |
_aArchitectural Digest : _b The AD 100 Architects / _cArchitectural Digest |
|
| 260 | _bArchitectural Digest | ||
| 300 | _a279 p. | ||
| 650 | _aARQUITECTOS | ||
| 942 | _cBK | ||
| 999 |
_c9888 _d9888 |
||